The Book Collectors of Daraya (Record no. 3560)
[ view plain ]
| 000 -LEADER | |
|---|---|
| fixed length control field | 00534nam a22001457a 4500 |
| 008 - FIXED-LENGTH DATA ELEMENTS--GENERAL INFORMATION | |
| fixed length control field | 250520b |||||||| |||| 00| 0 eng d |
| 020 ## - INTERNATIONAL STANDARD BOOK NUMBER | |
| ISBN | 9781529012316 |
| 100 ## - MAIN ENTRY--AUTHOR | |
| Author | Minoul, Delphine |
| 245 ## - TITLE STATEMENT | |
| Title | The Book Collectors of Daraya |
| Remainder of title | A Brand of Syrian rebels, their underground Library and the Storing that carried them through a year |
| 260 ## - PUBLICATION, DISTRIBUTION, ETC. (IMPRINT) | |
| Place of publication | London |
| Name of publisher | Picador |
| Date of publication | 2020 |
| 300 ## - COLLATION | |
| Pagination | 197p. 22.5cm |
| Other physical details | illustration; |
| 650 ## - TRACINGS | |
| Main Subject | Books and reading-Syria-Daraya |
| Subdivision (1st) | Libraries and society-Syria-Daraya |
| 942 ## - ADDED ENTRY ELEMENTS (KOHA) | |
| Item type | Books |
| 050 ## - LIBRARY OF CONGRESS CALL NUMBER | |
| Classification number | DS99.D3305 |
| Item number | .M56 |
| Source of classification or shelving scheme | Not for loan | Permanent location | Current location | Date acquired | Accession No. | Full call number | Barcode. | Koha item type |
|---|---|---|---|---|---|---|---|---|
| Library of Congress Classification | Samuel Ogbemudia Main Library, University of Abuja | Samuel Ogbemudia Main Library, University of Abuja | 05/20/2025 | 2024/64222 | DS99.D3305.M56 | 2025-2030 | Books |